[Event "DSJ Weihnachtsturnier U16: Lasker 2020"]
[Site ""]
[Date "2020.12.28"]
[Round "4"]
[White "Gallasch, Jonas"]
[Black "Doll, Rebecca"]
[Result "1-0"]
[Termination "normal"]
[Board "6.1"]
[WhiteElo "2112"]
[BlackElo "1762"]
[WhiteTeam "Schachgemeinschaft Porz"]
[BlackTeam "OSG Baden-Baden 2"]
[PlyCount "59"]
[WhiteFideId "16222474"]
[BlackFideId "16236890"]
[EventRounds "7"]
[EventType "team-swiss"]
[EventDate "2020.12.28"]

1. d4 {[%emt 0:00:10]} d5 {[%emt 0:00:05]} 2. c4 {[%emt 0:00:07]} e6 {[%emt
0:00:05]} 3. Nc3 {[%emt 0:00:07]} Nf6 {[%emt 0:00:04]} 4. cxd5 {[%emt 0:00:03]}
exd5 {[%emt 0:00:05]} 5. Bg5 {[%emt 0:00:04]} Nbd7 {[%emt 0:00:07]} 6. e3 {
[%emt 0:00:02]} c6 {[%emt 0:00:05]} 7. Bd3 {[%emt 0:00:06]} Be7 {[%emt 0:00:06]
} 8. Nf3 {[%emt 0:00:07]} Nh5 {[%emt 0:00:09]} 9. Bxe7 {[%emt 0:00:06]} Qxe7 {
[%emt 0:00:03]} 10. O-O {[%emt 0:00:00]} O-O {[%emt 0:00:25]} 11. Qc2 {[%emt
0:00:31]} Ndf6 {[%emt 0:00:05]} 12. Rab1 {[%emt 0:00:20]} a5 {[%emt 0:00:25]}
13. a3 {[%emt 0:00:10]} g6 {[%emt 0:00:06]} 14. b4 {[%emt 0:00:07]} Ng7 {[%emt
0:00:18]} 15. Na4 {[%emt 0:00:13]} Bf5 {[%emt 0:00:50]} 16. Ne5 {[%emt
0:01:21]} Bxd3 {[%emt 0:02:07]} 17. Nxd3 {[%emt 0:00:00]} Nf5 {[%emt 0:00:23]}
18. b5 { [%emt 0:00:40]} cxb5 {[%emt 0:01:38]} 19. Rxb5 {[%emt 0:00:03]} Nd6
{[%emt 0:00:07]} 20. Rb3 {[%emt 0:02:09]} Rac8 {[%emt 0:00:23]} 21. Qb1 {[%emt
0:00:31]} Rc7 {[%emt 0:00:35]} 22. Ndc5 {[%emt 0:00:50]} Nfe4 {[%emt 0:00:42]}
23. Qa2 { [%emt 0:01:04]} b5 {[%emt 0:00:34]} 24. Nb6 {[%emt 0:00:42]} Nxc5
{[%emt 0:00:56] Porz6-001 reconnected.} 25. Nxd5 {[%emt 0:00:23]} Qd8 {[%emt
0:00:01]} 26. dxc5 {[%emt 0:00:06]} Rxc5 {[%emt 0:00:03]} 27. Rd1 {[%emt
0:00:33]} Qg5 { [%emt 0:00:03]} 28. Rbd3 {[%emt 0:00:08]} Nc4 {[%emt 0:00:15]}
29. Qa1 { [%emt 0:00:07]} Qh6 {[%emt 0:00:03]} 30. Ne7# {[%emt 0:00:07]} 1-0

[Event "DSJ Weihnachtsturnier U16: Lasker 2020"]
[Site ""]
[Date "2020.12.28"]
[Round "4"]
[White "Schulz, Victor"]
[Black "Sabirov, Rafael"]
[Result "0-1"]
[Termination "normal"]
[Board "6.2"]
[WhiteElo "1510"]
[BlackElo "1635"]
[WhiteTeam "OSG Baden-Baden 2"]
[BlackTeam "Schachgemeinschaft Porz"]
[PlyCount "54"]
[WhiteFideId "36051268"]
[BlackFideId "16241185"]
[EventRounds "7"]
[EventType "team-swiss"]
[EventDate "2020.12.28"]

1. e4 {[%emt 0:00:05]} c5 {[%emt 0:00:01]} 2. c3 {[%emt 0:00:04]} g6 {[%emt
0:00:05]} 3. d4 {[%emt 0:00:03]} cxd4 {[%emt 0:00:01]} 4. cxd4 {[%emt 0:00:02]}
d5 {[%emt 0:00:01]} 5. exd5 {[%emt 0:00:04]} Nf6 {[%emt 0:00:05]} 6. Nf3 {
[%emt 0:00:06]} Bg7 {[%emt 0:00:07]} 7. Nc3 {[%emt 0:00:03]} a6 {[%emt 0:00:11]
} 8. Bc4 {[%emt 0:00:05]} b5 {[%emt 0:00:06]} 9. Bb3 {[%emt 0:00:03]} Bb7 {
[%emt 0:00:03]} 10. O-O {[%emt 0:00:04]} Nxd5 {[%emt 0:00:09]} 11. Qe2 { [%emt
0:00:25]} e6 {[%emt 0:00:18]} 12. Bg5 {[%emt 0:00:14]} Qd7 {[%emt 0:00:30]} 13.
Ne5 {[%emt 0:00:17]} Qd6 {[%emt 0:00:20]} 14. Nxd5 {[%emt 0:01:03]} Bxd5 {[%emt
0:00:07]} 15. Bf4 {[%emt 0:00:03]} Qd8 {[%emt 0:00:22]} 16. Rac1 { [%emt
0:01:31]} O-O {[%emt 0:00:10]} 17. Bxd5 {[%emt 0:00:11]} Qxd5 {[%emt 0:00:09]}
18. Rfd1 {[%emt 0:00:12]} Qxa2 {[%emt 0:00:11]} 19. Qf3 {[%emt 0:00:16] } Ra7
{[%emt 0:00:24]} 20. Qg3 {[%emt 0:00:13]} Nd7 {[%emt 0:00:32]} 21. Nxd7 { [%emt
0:00:07]} Rxd7 {[%emt 0:00:02]} 22. Bd6 {[%emt 0:00:02]} Rfd8 {[%emt 0:00:11]}
23. Rc6 {[%emt 0:00:15]} a5 {[%emt 0:00:18]} 24. Rdc1 {[%emt 0:00:13]} Qxb2
{[%emt 0:00:10]} 25. Rc8 {[%emt 0:00:13]} Qxd4 {[%emt 0:00:29]} 26. Rxd8+
{[%emt 0:00:09]} Rxd8 {[%emt 0:00:02]} 27. Be7 {[%emt 0:00:04]} Qd1+ {[%emt
0:00:03]} 0-1

[Event "DSJ Weihnachtsturnier U16: Lasker 2020"]
[Site ""]
[Date "2020.12.28"]
[Round "4"]
[White "Bolz, Jannis"]
[Black "Neves, Carlos"]
[Result "1-0"]
[Termination "time forfeit"]
[Board "6.3"]
[WhiteElo "1636"]
[BlackElo "1457"]
[WhiteTeam "Schachgemeinschaft Porz"]
[BlackTeam "OSG Baden-Baden 2"]
[PlyCount "69"]
[WhiteFideId "16214897"]
[BlackFideId "16258320"]
[EventRounds "7"]
[EventType "team-swiss"]
[EventDate "2020.12.28"]

1. e4 {[%emt 0:00:09]} c5 {[%emt 0:00:05]} 2. b4 {[%emt 0:00:04]} cxb4 { [%emt
0:00:04]} 3. a3 {[%emt 0:00:01]} bxa3 {[%emt 0:00:03]} 4. Bxa3 {[%emt 0:00:08]}
Nc6 {[%emt 0:00:02]} 5. c3 {[%emt 0:00:06]} Nf6 {[%emt 0:00:05]} 6. Bd3 {[%emt
0:00:14]} d6 {[%emt 0:00:03]} 7. Bc2 {[%emt 0:00:03]} e5 {[%emt 0:00:39] } 8.
d4 {[%emt 0:00:15]} exd4 {[%emt 0:00:02]} 9. cxd4 {[%emt 0:00:00]} Bg4 { [%emt
0:00:02]} 10. Nf3 {[%emt 0:00:03]} Bxf3 {[%emt 0:00:02]} 11. gxf3 { [%emt
0:00:29]} Qa5+ {[%emt 0:00:04]} 12. Nd2 {[%emt 0:00:10]} Nxd4 {[%emt 0:00:02]}
13. Ba4+ {[%emt 0:00:06]} b5 {[%emt 0:00:20]} 14. Bb3 {[%emt 0:00:10]} Nxb3
{[%emt 0:00:09]} 15. Qxb3 {[%emt 0:00:04]} Qb6 {[%emt 0:01:07]} 16. e5 { [%emt
0:01:16]} dxe5 {[%emt 0:01:23]} 17. Bxf8 {[%emt 0:00:04]} Rxf8 {[%emt 0:00:15]}
18. O-O {[%emt 0:00:34]} Rd8 {[%emt 0:00:59]} 19. Qb2 {[%emt 0:00:39]} Nd7
{[%emt 0:02:08]} 20. Rfe1 {[%emt 0:00:31]} Qb8 {[%emt 0:00:32]} 21. f4 { [%emt
0:00:18]} f6 {[%emt 0:00:16]} 22. Nf3 {[%emt 0:00:18]} Kf7 {[%emt 0:01:03]} 23.
fxe5 {[%emt 0:00:41]} fxe5 {[%emt 0:00:04]} 24. Qb3+ {[%emt 0:00:02]} Ke7
{[%emt 0:00:07]} 25. Nd4 {[%emt 0:00:24]} Qb6 {[%emt 0:00:43]} 26. Qb4+ { [%emt
0:02:08]} Qc5 {[%emt 0:00:07]} 27. Nc6+ {[%emt 0:00:09]} Kf6 {[%emt 0:00:20]}
28. Qh4+ {[%emt 0:00:46]} Ke6 {[%emt 0:00:01]} 29. Nxd8+ {[%emt 0:00:03]} Rxd8
{[%emt 0:00:04]} 30. Qg4+ {[%emt 0:00:02]} Kf7 {[%emt 0:00:03]} 31. Qf5+ {
[%emt 0:00:08]} Nf6 {[%emt 0:00:01]} 32. Rxe5 {[%emt 0:00:07]} Rd5 {[%emt
0:00:02]} 33. Rxd5 {[%emt 0:00:04]} Qxd5 {[%emt 0:00:01]} 34. Rxa7+ {[%emt
0:00:04]} Kg8 {[%emt 0:00:06]} 35. Qc8+ {[%emt 0:00:05] TimeB} 1-0

[Event "DSJ Weihnachtsturnier U16: Lasker 2020"]
[Site ""]
[Date "2020.12.28"]
[Round "4"]
[White "Stankovic, David"]
[Black "Laudwein, Jakob"]
[Result "1-0"]
[Termination "normal"]
[Board "6.4"]
[WhiteElo "1314"]
[BlackElo "1559"]
[WhiteTeam "OSG Baden-Baden 2"]
[BlackTeam "Schachgemeinschaft Porz"]
[PlyCount "65"]
[WhiteFideId "16240685"]
[BlackFideId "16258487"]
[EventRounds "7"]
[EventType "team-swiss"]
[EventDate "2020.12.28"]

1. e4 {[%emt 0:00:08]} c5 {[%emt 0:00:04]} 2. c3 {[%emt 0:00:09]} Nf6 {[%emt
0:00:42]} 3. d3 {[%emt 0:00:14]} Nc6 {[%emt 0:00:13]} 4. Be3 {[%emt 0:00:05]}
e6 {[%emt 0:00:16]} 5. Nd2 {[%emt 0:00:03]} d5 {[%emt 0:00:21]} 6. exd5 {[%emt
0:00:04]} Nxd5 {[%emt 0:00:03]} 7. Qf3 {[%emt 0:00:10]} Nxe3 {[%emt 0:00:23]}
8. fxe3 {[%emt 0:00:02]} Be7 {[%emt 0:00:38]} 9. Be2 {[%emt 0:00:13]} O-O {
[%emt 0:00:41]} 10. Nh3 {[%emt 0:00:05]} Qc7 {[%emt 0:00:30]} 11. O-O {[%emt
0:00:05]} b6 {[%emt 0:00:23]} 12. Qh5 {[%emt 0:00:16]} Bb7 {[%emt 0:01:09]} 13.
Ne4 {[%emt 0:00:05]} Ne5 {[%emt 0:00:54]} 14. Nhg5 {[%emt 0:00:23]} Bxg5 {
[%emt 0:00:11]} 15. Nxg5 {[%emt 0:00:06]} h6 {[%emt 0:00:11]} 16. Nf3 {[%emt
0:00:05]} Nxf3+ {[%emt 0:00:37]} 17. Bxf3 {[%emt 0:00:08]} Rad8 {[%emt
0:00:13]} 18. Bxb7 {[%emt 0:00:05]} Qxb7 {[%emt 0:00:04]} 19. d4 {[%emt
0:00:03]} cxd4 { [%emt 0:00:16]} 20. exd4 {[%emt 0:00:00]} Qd5 {[%emt 0:00:12]}
21. Qg4 { [%emt 0:00:09]} Qb5 {[%emt 0:00:12]} 22. Rf2 {[%emt 0:00:05]} Rd5
{[%emt 0:00:07]} 23. Raf1 {[%emt 0:00:10]} Qc6 {[%emt 0:00:09]} 24. Qf3 {[%emt
0:00:08]} Rg5 {[%emt 0:00:21]} 25. Qxc6 {[%emt 0:00:04]} f6 {[%emt 0:00:08]}
26. Qxe6+ { [%emt 0:00:03]} Kh8 {[%emt 0:00:05]} 27. Qe7 {[%emt 0:00:02]} Rg8
{[%emt 0:00:07]} 28. Qxa7 {[%emt 0:00:11]} h5 {[%emt 0:00:03]} 29. h4 {[%emt
0:00:02]} Rg4 {[%emt 0:00:06]} 30. Qxb6 {[%emt 0:00:10]} Rxh4 {[%emt 0:00:08]}
31. Rxf6 { [%emt 0:00:04]} Rg4 {[%emt 0:00:08]} 32. Rh6+ {[%emt 0:00:04]} gxh6
{[%emt 0:00:03]} 33. Qxh6# {[%emt 0:00:02]} 1-0

[Event "DSJ Weihnachtsturnier U16: Lasker 2020"]
[Site ""]
[Date "2020.12.28"]
[Round "4"]
[White "Dittenberger, Nico"]
[Black "Fuhrmann, Bahne"]
[Result "0-1"]
[Termination "normal"]
[Board "7.1"]
[WhiteElo "1419"]
[BlackElo "1849"]
[WhiteTeam "SC Landskrone"]
[BlackTeam "Hamburger SK von 1830 2"]
[PlyCount "80"]
[WhiteFideId "12996254"]
[BlackFideId "16244842"]
[EventRounds "7"]
[EventType "team-swiss"]
[EventDate "2020.12.28"]

1. e4 {[%emt 0:00:04] HSK04-001 kibitzing!? HSK04-001 reconnected.} e5 { [%emt
0:00:27]} 2. Nf3 {[%emt 0:00:02]} Nc6 {[%emt 0:00:02]} 3. Bc4 {[%emt 0:00:06]}
Bc5 {[%emt 0:00:02]} 4. c3 {[%emt 0:00:11]} Nf6 {[%emt 0:00:02]} 5. d4 {[%emt
0:00:08]} exd4 {[%emt 0:00:06]} 6. cxd4 {[%emt 0:00:02] HSK04-001 reconnected.}
Bb4+ {[%emt 0:00:07]} 7. Bd2 {[%emt 0:00:02]} Nxe4 {[%emt 0:00:01]} 8. Bxb4
{[%emt 0:00:11]} Nxb4 {[%emt 0:00:00]} 9. Bxf7+ {[%emt 0:00:04]} Kxf7 {[%emt
0:00:12]} 10. Qb3+ {[%emt 0:00:04]} d5 {[%emt 0:00:08]} 11. Qxb4 { [%emt
0:00:11]} Qf8 {[%emt 0:00:02]} 12. Ne5+ {[%emt 0:00:04]} Ke6 {[%emt 0:00:04]}
13. Qxf8 {[%emt 0:00:36]} Rxf8 {[%emt 0:00:00]} 14. f3 {[%emt 0:00:12]} Nd6
{[%emt 0:00:11]} 15. Nd2 {[%emt 0:00:15]} Nf5 {[%emt 0:00:06]} 16. Nb3 { [%emt
0:00:13]} Kd6 {[%emt 0:00:08]} 17. Rc1 {[%emt 0:00:29]} Nxd4 {[%emt 0:00:24]}
18. Nxd4 {[%emt 0:00:13]} Kxe5 {[%emt 0:01:12]} 19. Nb5 {[%emt 0:00:04]} c6
{[%emt 0:00:04]} 20. Nc7 {[%emt 0:00:03]} Rb8 {[%emt 0:00:02]} 21. O-O { [%emt
0:00:02]} Kd6 {[%emt 0:00:02]} 22. Rfe1 {[%emt 0:00:08]} Kxc7 {[%emt 0:00:12]}
23. Re7+ {[%emt 0:00:03]} Kd6 {[%emt 0:00:05]} 24. Rxg7 {[%emt 0:00:03] } Bf5
{[%emt 0:00:01]} 25. Rg5 {[%emt 0:00:07]} Bg6 {[%emt 0:00:07]} 26. Re1 { [%emt
0:00:16]} Rbe8 {[%emt 0:00:07]} 27. Kf2 {[%emt 0:00:16]} Rxe1 {[%emt 0:00:14]}
28. Kxe1 {[%emt 0:00:04]} Rf5 {[%emt 0:00:02]} 29. Rxf5 {[%emt 0:00:03] } Bxf5
{[%emt 0:00:03]} 30. a3 {[%emt 0:00:02]} Kc5 {[%emt 0:00:02]} 31. Kd2 { [%emt
0:00:01]} Kc4 {[%emt 0:00:01]} 32. g4 {[%emt 0:00:08]} Bg6 {[%emt 0:00:04]} 33.
f4 {[%emt 0:00:02]} Kb3 {[%emt 0:00:19]} 34. Kc1 {[%emt 0:00:13]} d4 { [%emt
0:00:03]} 35. f5 {[%emt 0:00:02]} Bf7 {[%emt 0:00:02]} 36. h4 {[%emt 0:00:03]}
Kc4 {[%emt 0:00:04]} 37. Kd2 {[%emt 0:00:04]} Kd5 {[%emt 0:00:03]} 38. Kd3
{[%emt 0:00:08]} c5 {[%emt 0:00:05]} 39. h5 {[%emt 0:00:06]} c4+ {[%emt
0:00:05]} 40. Kd2 {[%emt 0:00:01]} Ke4 {[%emt 0:00:05]} 0-1

[Event "DSJ Weihnachtsturnier U16: Lasker 2020"]
[Site ""]
[Date "2020.12.28"]
[Round "4"]
[White "Kort, Felix"]
[Black "Behr, Julian"]
[Result "1-0"]
[Termination "normal"]
[Board "7.2"]
[WhiteElo "1850"]
[BlackElo "1623"]
[WhiteTeam "Hamburger SK von 1830 2"]
[BlackTeam "SC Landskrone"]
[PlyCount "44"]
[WhiteFideId "16220129"]
[BlackFideId "16255410"]
[EventRounds "7"]
[EventType "team-swiss"]
[EventDate "2020.12.28"]

1. d4 {[%emt 0:00:03]} d5 {[%emt 0:00:02] Landskr2-002 reconnected.} 2. c4 {
[%emt 0:00:11]} e6 {[%emt 0:00:02]} 3. Nc3 {[%emt 0:00:02] Landskr2-002
reconnected.} Nf6 {[%emt 0:00:30]} 4. cxd5 {[%emt 0:00:03]} exd5 {[%emt
0:00:02]} 5. Bg5 {[%emt 0:00:05]} Be7 {[%emt 0:00:11]} 6. e3 {[%emt 0:00:16]}
c6 { [%emt 0:00:05]} 7. Bd3 {[%emt 0:00:19]} Bg4 {[%emt 0:00:13]} 8. f3 {[%emt
0:00:03]} Be6 {[%emt 0:00:07]} 9. Qc2 {[%emt 0:00:18]} h6 {[%emt 0:00:04]} 10.
Bh4 { [%emt 0:00:04]} O-O {[%emt 0:00:04] Landskr2-002 reconnected.} 11. Nge2 {
[%emt 0:00:19]} Nbd7 {[%emt 0:00:06]} 12. O-O {[%emt 0:00:12]} Qc7 {[%emt
0:00:18]} 13. e4 {[%emt 0:00:48]} dxe4 {[%emt 0:00:13]} 14. fxe4 {[%emt
0:00:05]} Bg4 {[%emt 0:00:21]} 15. e5 {[%emt 0:01:04]} Bxe2 {[%emt 0:00:28]}
16. Qxe2 { [%emt 0:00:26]} c5 {[%emt 0:01:57]} 17. exf6 {[%emt 0:00:25]
Landskr2-002 reconnected.} Bxf6 {[%emt 0:00:21]} 18. Bxf6 {[%emt 0:00:15]} Nxf6
{[%emt 0:00:00]} 19. Rxf6 {[%emt 0:00:25]} gxf6 {[%emt 0:00:15]} 20. Qe4 {[%emt
0:00:01]} Rfe8 {[%emt 0:00:16]} 21. Qh7+ {[%emt 0:00:08] Landskr2-002
reconnected.} Kf8 { [%emt 0:00:34]} 22. Nd5 {[%emt 0:00:04]} Qg3 {[%emt
0:00:28]} 1-0

[Event "DSJ Weihnachtsturnier U16: Lasker 2020"]
[Site ""]
[Date "2020.12.28"]
[Round "4"]
[White "Müller, Linus"]
[Black "Müller, Riyanna"]
[Result "1-0"]
[Termination "normal"]
[Board "7.4"]
[WhiteElo "1578"]
[BlackElo "1364"]
[WhiteTeam "Hamburger SK von 1830 2"]
[BlackTeam "SC Landskrone"]
[PlyCount "123"]
[WhiteFideId "16245946"]
[BlackFideId "16287401"]
[EventRounds "7"]
[EventType "team-swiss"]
[EventDate "2020.12.28"]

1. e4 {[%emt 0:00:04]} e5 {[%emt 0:00:02]} 2. Nf3 {[%emt 0:00:02]} Nc6 { [%emt
0:00:03]} 3. Bb5 {[%emt 0:00:02]} a6 {[%emt 0:00:03]} 4. Ba4 {[%emt 0:00:02]}
Nf6 {[%emt 0:00:03]} 5. d3 {[%emt 0:00:18]} b5 {[%emt 0:00:12]} 6. Bb3 { [%emt
0:00:15]} Bc5 {[%emt 0:00:04]} 7. c3 {[%emt 0:00:15]} d6 {[%emt 0:00:13]} 8. d4
{[%emt 0:00:07]} exd4 {[%emt 0:00:13]} 9. cxd4 {[%emt 0:00:02]} Bb4+ { [%emt
0:00:08]} 10. Bd2 {[%emt 0:00:05]} Bxd2+ {[%emt 0:00:02]} 11. Qxd2 { [%emt
0:00:07]} Nxe4 {[%emt 0:00:21]} 12. Qe2 {[%emt 0:00:01]} Qe7 {[%emt 0:00:02]}
13. Bd5 {[%emt 0:00:06]} Bd7 {[%emt 0:01:14]} 14. Qxe4 {[%emt 0:00:20]} Qxe4+
{[%emt 0:00:04]} 15. Bxe4 {[%emt 0:00:02]} O-O {[%emt 0:00:01]} 16. O-O { [%emt
0:00:10]} Rfe8 {[%emt 0:00:03]} 17. Bc2 {[%emt 0:00:06]} Re7 {[%emt 0:00:06]}
18. Nc3 {[%emt 0:00:05]} Rae8 {[%emt 0:00:03]} 19. Nd5 {[%emt 0:00:16]} Re2
{[%emt 0:00:28]} 20. Bb3 {[%emt 0:00:12]} Rc8 {[%emt 0:01:12]} 21. Rac1 { [%emt
0:00:08]} Kf8 {[%emt 0:00:16]} 22. Rfe1 {[%emt 0:00:16]} Rxb2 {[%emt 0:00:23]}
23. Ng5 {[%emt 0:01:20]} h6 {[%emt 0:00:31]} 24. Nf3 {[%emt 0:02:00]} a5 {[%emt
0:00:54]} 25. Rc2 {[%emt 0:00:18]} Rxc2 {[%emt 0:00:08]} 26. Bxc2 { [%emt
0:00:00]} b4 {[%emt 0:00:14]} 27. Ba4 {[%emt 0:00:09]} Be8 {[%emt 0:00:14]} 28.
Bxc6 {[%emt 0:00:06]} Bxc6 {[%emt 0:00:02]} 29. Ne7 {[%emt 0:00:01]} Re8 {[%emt
0:00:26]} 30. Nxc6 {[%emt 0:00:04]} Re6 {[%emt 0:00:01]} 31. Rxe6 { [%emt
0:00:06]} fxe6 {[%emt 0:00:01]} 32. Nxa5 {[%emt 0:00:01]} Kf7 {[%emt 0:00:04]}
33. Kf1 {[%emt 0:00:01]} Kf6 {[%emt 0:00:01]} 34. Ke2 {[%emt 0:00:01]} Kf5
{[%emt 0:00:01]} 35. Kd3 {[%emt 0:00:02]} g5 {[%emt 0:00:03]} 36. Kc4 { [%emt
0:00:02]} Ke4 {[%emt 0:00:04]} 37. Nb3 {[%emt 0:00:04]} d5+ {[%emt 0:00:02]}
38. Kxb4 {[%emt 0:00:02]} Kd3 {[%emt 0:00:02]} 39. Nc1+ {[%emt 0:00:11]} Kc2
{[%emt 0:00:05]} 40. Ne2 {[%emt 0:00:05]} Kd3 {[%emt 0:00:13]} 41. Ng3 { [%emt
0:00:02]} Kc2 {[%emt 0:00:02]} 42. a4 {[%emt 0:00:02]} g4 {[%emt 0:00:02] } 43.
Ne5 {[%emt 0:00:06]} h5 {[%emt 0:00:03]} 44. Nxh5 {[%emt 0:00:03]} g3 { [%emt
0:00:02]} 45. fxg3 {[%emt 0:00:02]} c6 {[%emt 0:00:01]} 46. Nxc6 { [%emt
0:00:02]} e5 {[%emt 0:00:01]} 47. dxe5 {[%emt 0:00:04]} d4 {[%emt 0:00:01]} 48.
Nxd4+ {[%emt 0:00:01]} Kd3 {[%emt 0:00:01]} 49. Kc5 {[%emt 0:00:02]} Ke4 {[%emt
0:00:01]} 50. Nf6+ {[%emt 0:00:02]} Kxe5 {[%emt 0:00:02]} 51. Nd7+ { [%emt
0:00:04]} Ke4 {[%emt 0:00:02]} 52. a5 {[%emt 0:00:04]} Ke3 {[%emt 0:00:05]} 53.
a6 {[%emt 0:00:03]} Kf2 {[%emt 0:00:04]} 54. Kd5 {[%emt 0:00:03]} Kxg2 {[%emt
0:00:01]} 55. Ke4 {[%emt 0:00:01]} Kf2 {[%emt 0:00:01]} 56. Kf4 { [%emt
0:00:02]} Ke1 {[%emt 0:00:02]} 57. Ke3 {[%emt 0:00:05]} Kd1 {[%emt 0:00:02]}
58. a7 {[%emt 0:00:02]} Kc1 {[%emt 0:00:02]} 59. a8=R {[%emt 0:00:05]} Kb2
{[%emt 0:00:03]} 60. Kd3 {[%emt 0:00:03]} Kb1 {[%emt 0:00:05]} 61. Kc3 { [%emt
0:00:02]} Kc1 {[%emt 0:00:02]} 62. Ra1# {[%emt 0:00:01]} 1-0

[Event "DSJ Weihnachtsturnier U16: Lasker 2020"]
[Site ""]
[Date "2020.12.28"]
[Round "4"]
[White "Wiedenbruch, Paul"]
[Black "Winkler, Yonathan"]
[Result "0-1"]
[Termination "time forfeit"]
[Board "8.1"]
[WhiteElo "1894"]
[BlackElo "1720"]
[WhiteTeam "Düsseldorfer Schachklub 14/25"]
[BlackTeam "Bielefelder Schachklub von 1883"]
[PlyCount "86"]
[WhiteFideId "16207343"]
[BlackFideId "16266080"]
[EventRounds "7"]
[EventType "team-swiss"]
[EventDate "2020.12.28"]

1. e4 {[%emt 0:00:06]} c5 {[%emt 0:00:03]} 2. Nf3 {[%emt 0:00:01]} a6 {[%emt
0:00:02]} 3. c3 {[%emt 0:00:07]} d5 {[%emt 0:00:07]} 4. exd5 {[%emt 0:00:06]}
Qxd5 {[%emt 0:00:00]} 5. d4 {[%emt 0:00:01]} Nf6 {[%emt 0:00:04]} 6. Be2 {
[%emt 0:00:14]} e6 {[%emt 0:00:04]} 7. O-O {[%emt 0:00:01]} Nc6 {[%emt 0:00:05]
} 8. Be3 {[%emt 0:00:06]} cxd4 {[%emt 0:00:05]} 9. cxd4 {[%emt 0:00:05]} Be7 {
[%emt 0:00:05]} 10. Nc3 {[%emt 0:00:02]} Qd6 {[%emt 0:00:03]} 11. a3 {[%emt
0:00:23]} O-O {[%emt 0:00:05]} 12. Qc2 {[%emt 0:00:01]} b5 {[%emt 0:00:06]} 13.
Rad1 {[%emt 0:00:01]} Bb7 {[%emt 0:00:04]} 14. Rfe1 {[%emt 0:00:01]} Rac8 {
[%emt 0:00:14]} 15. Qd2 {[%emt 0:00:39]} Rfd8 {[%emt 0:00:24]} 16. Bf4 { [%emt
0:00:05]} Qd7 {[%emt 0:00:03]} 17. h3 {[%emt 0:02:06]} Nd5 {[%emt 0:00:18]} 18.
Bg3 {[%emt 0:00:36]} Nxc3 {[%emt 0:00:19]} 19. bxc3 {[%emt 0:00:03]} Bxa3
{[%emt 0:00:08]} 20. Bd3 {[%emt 0:00:11]} Be7 {[%emt 0:00:24]} 21. Bb1 { [%emt
0:00:33]} Bf6 {[%emt 0:00:23]} 22. Qd3 {[%emt 0:00:08]} g6 {[%emt 0:00:04]} 23.
Bh4 {[%emt 0:00:53]} Bxh4 {[%emt 0:00:09]} 24. Nxh4 {[%emt 0:00:00]} Ne7 {[%emt
0:00:05]} 25. Qe3 {[%emt 0:00:09]} Nd5 {[%emt 0:00:04]} 26. Qh6 { [%emt
0:00:48]} Nxc3 {[%emt 0:00:03]} 27. Rd2 {[%emt 0:01:29]} Nxb1 {[%emt 0:00:03]}
28. Rxb1 {[%emt 0:00:00]} Rc4 {[%emt 0:00:08]} 29. Rbd1 {[%emt 0:00:22] } Qc8
{[%emt 0:00:16]} 30. d5 {[%emt 0:00:27]} Rxd5 {[%emt 0:00:04]} 31. Rxd5 { [%emt
0:00:23]} Bxd5 {[%emt 0:00:00]} 32. Rxd5 {[%emt 0:00:17]} exd5 {[%emt 0:00:13]}
33. Nf3 {[%emt 0:00:01]} Rc1+ {[%emt 0:00:05]} 34. Kh2 {[%emt 0:00:03]} Qc7+
{[%emt 0:00:02]} 35. g3 {[%emt 0:00:03]} Rc2 {[%emt 0:00:14]} 36. Qe3 { [%emt
0:00:14]} Qc5 {[%emt 0:00:19]} 37. Nd4 {[%emt 0:00:02]} Rc4 {[%emt 0:00:07]}
38. Qe8+ {[%emt 0:00:08]} Kg7 {[%emt 0:00:06]} 39. Qe5+ {[%emt 0:00:04]} Kg8
{[%emt 0:00:01]} 40. Qe8+ {[%emt 0:00:01]} Qf8 {[%emt 0:00:04]} 41. Qe5 { [%emt
0:00:04]} b4 {[%emt 0:00:04]} 42. Qxd5 {[%emt 0:00:07]} Qc5 {[%emt 0:00:09]}
43. Qd8+ {[%emt 0:00:07]} Kg7 {[%emt 0:00:04] TimeW} 0-1